| 000 | 00852nam a22002057a 4500 | ||
|---|---|---|---|
| 999 |
_c61960 _d61960 |
||
| 003 | Ge_BSU | ||
| 005 | 20240614162914.0 | ||
| 008 | 240614s1956 ge ||||| |||| 00| 0 geo d | ||
| 041 | _ageo | ||
| 080 | _a613(075.8) კ-36 | ||
| 100 |
_aკაციტაძე, ვ. _922446 |
||
| 245 |
_aჰიგიენა : _b სახელმძღვ. სამედ. ინ-ტის სტუდ. / _cვ. კაციტაძე; რედ. ს. საყვარელიძე. |
||
| 250 | _aმე-3 გადამუშ. გამოც. | ||
| 264 |
_aთბ. : _bსაქმედგამი, _c1956. |
||
| 300 |
_a402 გვ. : _bილ. ; _c 26 სმ. |
||
| 653 | _aჰიგიენა | ||
| 653 | _aმედიცინა | ||
| 700 |
_aსაყვარელიძე, ს. _eრედაქტორი _922385 |
||
| 942 |
_2udc _cBK |
||